000 02080nam a22003254i 4500
999 _c1087
_d1087
001 on1182792884
003 OCoLC
005 20210531112328.0
008 200709s2020 enk d 000 1 eng
020 _a9780008244125
040 _aAU@
_beng
_cAU@
_erda
_dOCLCO
_dUKMGB
_dOCLCF
_dATCDL
_dCaOL
_dKH8
082 _aFIC OSE
100 1 _aOseman, Alice,
_eauthor.
245 1 0 _aLoveless /
_cAlice Oseman.
264 1 _aLondon :
_bHarperCollins Children's Books,
_c2020.
264 4 _c℗♭2020.
300 _a432 pages ;
_c20 cm.
336 _atext
_btxt
_2rdacontent.
337 _aunmediated
_bn
_2rdamedia.
338 _avolume
_bnc
_2rdacarrier.
520 _aIt was all sinking in. I'd never had a crush on anyone. No boys, no girls, not a single person I had ever met. What did that mean? Georgia has never been in love, never kissed anyone, never even had a crush - but as a fanfic-obsessed romantic she's sure she'll find her person one day. As she starts university with her best friends, Pip and Jason, in a whole new town far from home, Georgia's ready to find romance, and with her outgoing roommate on her side and a place in the Shakespeare Society, her 'teenage dream' is in sight. But when her romance plan wreaks havoc amongst her friends, Georgia ends up in her own comedy of errors, and she starts to question why love seems so easy for other people but not for her. With new terms thrown at her - asexual, aromantic - Georgia is more uncertain about her feelings than ever. Is she destined to remain loveless? Or has she been looking for the wrong thing all along? This wise, warm and witty story of identity and self-acceptance sees Alice Oseman on towering form as Georgia and her friends discover that true love isn't limited to romance.
650 0 _aLove
_vJuvenile fiction.
650 0 _aBest friends
_vFiction.
650 0 _aInterpersonal relations
_vFiction.
650 0 _aSelf-acceptance in adolescence
_vFiction.
650 0 _aIdentity (Psychology)
_vFiction.
655 7 _aRomance fiction.
_2lcgft.
690 _aNew Oct 2020.
942 _2ddc
_cFIC